00359nam a2200097Ia 45000010005000000080041000050820028000461000054000742450109001282600024002374419241024s9999 xx 000 0 und d aRD/344.07/R426o/08-2013 aRepública Dominicana. Ministerio de Educación 0aOrden departamental No. 08-2013. Designando Lic. Reyes Manuel Juma Moore Director General de Tesorería bSanto Domingoc2013